Derecho Internacional Privado (Record no. 116124)

MARC details
000 -LEADER
campo de control de longitud fija 00512nam a2200157 4500
001 - NÚMERO DE CONTROL
campo de control 116124
003 - IDENTIFICADOR DE NÚMERO DE CONTROL
campo de control ES-MaACL
007 - CAMPO FIJO DE DESCRIPCIÓN FÍSICA--INFORMACIÓN GENERAL
campo de control de longitud fija t|
008 - DATOS DE LONGITUD FIJA--INFORMACIÓN GENERAL
campo de control de longitud fija 061121s1932 sp r ||||1| spa d
100 1# - ENTRADA PRINCIPAL--NOMBRE DE PERSONA
Nombre de persona Orúe y Arregui, José Ramón de.
9 (RLIN) 87692
245 10 - MENCIÓN DEL TÍTULO
Título Derecho Internacional Privado
Resto del título : obra adaptada al programa de Notarías de 1926 /
Mención de responsabilidad, etc. José Ramón de Orúe y Arregui.
250 ## - MENCION DE EDICION
Mención de edición 2ª. ed. corr. y aum.
260 ## - PUBLICACIÓN, DISTRIBUCIÓN, ETC.
Lugar de publicación, distribución, etc. Madrid :
Nombre del editor, distribuidor, etc. Reus,
Fecha de publicación, distribución, etc. 1932.
300 ## - DESCRIPCIÓN FÍSICA
Extensión 128 p. ;
Dimensiones 24 cm.
852 ## - LOCALIZACIÓN
Ubicación ES-MaACL
Número de control de estantería B-9563
Sublocalización o colección R.19261
Holdings
Estatus retirado Estado de pérdida Estado de daño No para préstamo Biblioteca de origen Biblioteca actual Ubicación en estantería Fecha de adquisición Fuente de adquisición Total de préstamos Signatura topográfica completa Código de barras Visto por última vez Precio de reemplazo Tipo de ítem Koha
        Biblioteca del Ateneo de Madrid Biblioteca del Ateneo de Madrid Sala Pardo Bazán 17/01/2008     B-9563 1121095 23/02/2023 23/02/2023 Libro impreso